| 000 | 00983nam a2200205Ia 4500 | ||
|---|---|---|---|
| 008 | 0000001998 sp a 0000000000spa00 | ||
| 090 | _aPSP00 Z87e | ||
| 100 | 1 | _aZurstrassen, Yves | |
| 245 | 1 | 0 |
_aEsteban Lisa _b: Toledo 1895, Buenos Aires 1983 _c/ textos Yves Zurstrassen, Juan Manuel Bonet, César Paternosto ; fotografías Joaquín Cortés, Alejandro Lamas |
| 300 |
_a51 p. _c/ 27 cm. |
||
| 500 | _aExposición realizada en Guillermo de Osma Galería, Madrid, 1998 \ Con el patronazgo del maestro venezolano Jesús Rafael Soto (q.e.p.d.) \ Registro auspiciado por el IDCT. Bogotá | ||
| 600 | 0 | 0 |
_aLISA, ESTEBAN, 18951983/ _xTRABAJOS PICTORICOS |
| 650 | 1 | 4 | _aARTE CONTEMPORANEO ESPAÑOL |
| 650 | 1 | 4 | _xCATALOGOS |
| 650 | 1 | 4 | _xEXPOSICIONES |
| 650 | 1 | 4 | _aPINTORES ESPAÑOLES |
| 650 | 1 | 4 | _aPINTURA ESPAÑOLA |
| 700 | 1 | _aBonet, Juan Manuel \ Paternoso, César \ Cortés, Joaquin \ Lamas, Alejandro | |
| 999 |
_c3340 _d3340 |
||
| 260 |
_aMadrid : Guillermo de Osma Galería \ _c1998 |
||